000 00654nam a2200241 a 4500
001 14553
003 BD-RjUL
005 20211208235641.0
008 140206s2002 ii |||| |||| 001 0 eng d
035 _a(BD-RjUL)14606
040 _aBD-RjUL
_beng
_cBD-RjUL
_dBD-RjUL
041 _aeng
082 0 4 _223
_a635.9
_bCOM 2002
245 1 _aCommercial flowers /
_cT. K. Bose [at al....]
_p
250 _a2nd rev. ed.
260 _aCalcutta :
_bNaya Prokash,
_c2002.
300 _aV. ;
_c24 cm.
500 _aincludes index.
505 _aV.-1--.V.-2--
650 1 _aFlowers and ornamental plants
_945382
700 1 _aBose, T. K.
_945383
942 _2ddc
_cBK
999 _c14553
_d14553